Budapest 4/6 tram stops - Statistics

General Stats
  • This quiz has been taken 300 times
  • The average score is 17 of 21
Answer Stats
Hint Answer % Correct
4/6 Széll Kálmán tér
95%
4/6 Blaha Lujza tér
94%
4/6 Margitsziget / Margit híd
94%
4/6 Nyugati pályaudvar
94%
4/6 Oktogon
92%
6 Móricz Zsigmond körtér
89%
4/6 Jászai Mari tér
88%
4/6 Corvin negyed
85%
4/6 Rákóczi tér
83%
4/6 Margit híd, budai hídfő
82%
4/6 Király utca / Erzsébet körút
80%
4 Újbuda központ
80%
4/6 Wesselényi utca / Erzsébet körút
79%
4/6 Boráros tér
78%
4/6 Harminckettesek tere
76%
4/6 Mester utca / Ferenc körút
74%
4/6 Széna tér
74%
4/6 Petőfi híd, budai hídfő
73%
4/6 Mechwart liget
68%
6 Budafoki út / Karinthy Frigyes út
52%
4 Budafoki út / Szerémi sor
51%
No matching quizzes found
Score Distribution
Percent of People with Each Score
Percentile by Number Answered
Your Score History
You have not taken this quiz